000
00291nam a2200121Ia 4500
008
191201s2009 xx 000 0 und d
100
_a
KUMAR, Arun
245
0
_a
Advertising Management MBA-MM7 SEM-3
260
_a
N. delhi
_b
Vikas Pub
_c
2009
300
_a
304
650
_a
MBA
942
_2
ddc
_c
BK
999
_c
281
_d
281